000 00714nam a2200205Ia 4500
001 10370
003 GE_BSU
008 181216s||||||||xx |||||||||||||| ||und||
040 _cGE_BSU
080 _a821.353.1–1
100 _aტაბიძე,გალაქტიონ
245 _aრჩეული ლირიკა ორ წიგნად:წ.2
245 _cშემდგ.ვ.ჯავახაძე.მხატვ.ნ.მალაზონია
260 _aთბილისი
260 _bსაბჭოთა საქართველო
260 _c1971
300 _a217გვ.1ფ.პორტრ.17სმ.
653 _aრჩეული ლირიკა
942 _cBK
999 _c43635
_d43635